000 00390nam a22001697a 4500
005 20260408110842.0
008 160627b xxu||||| |||| 00| 0 eng d
020 _a9964-70-214-0
041 _aeng
082 _a813.6
100 _aARYEETEY, Sam
_92860
245 _aHome at last
260 _bAFARM Publication
_c2000
300 _a446
650 _aAmerican fiction
_98938
942 _cBK
999 _c4138
_d4137